000 00224nam a22000857a 4500
008 161116b xxu||||| |||| 00| 0 eng d
100 _91270
_aHaloi. G
245 _aFrogs and a snake
260 _aNew delhi
_bNational book trust
_c2006
999 _c3973
_d3973